Statistics for Oscar Nominated Actresses since 1980

Click here to take the quiz!

General Stats

  • This quiz has been taken 126 times
    (68 since last reset)
  • The average score is 53 of 86

Answer Stats

MoviesNominated Actress% Correct
The French Lieutenant's Woman / Silkwood / Out of Africa / IronweedMeryl Streep
100%
Pretty Woman / Steel Magnolias / Erin BrockovichJulia Roberts
95%
Birdman / The Favourite / La La Land / Poor Things / MaestroEmma Stone
93%
Winter's Bone / Joy / American Hustle / Silver Linings PlaybookJennifer Lawrence
93%
Nell / The Accused / The Silence of the Lambs / NyadJodie Foster
93%
Gravity / The Blind SideSandra Bullock
93%
Wild / Walk the LineReese Witherspoon
92%
Bridget Jones's Diary / Chicago / Judy / Cold MountainRenée Zellweger
92%
Jackie / Closer / Black SwanNatalie Portman
90%
Titanic / Eternal Sunshine of the Spotless Mind / Sense and SensibilityKate Winslet
88%
Moulin Rouge! / Rabbit Hole / Lion / The Hours / Being the RicardosNicole Kidman
88%
Thelma & Louise / The Accidental TouristGeena Davis
86%
The Help / Ma Rainey's Black Bottom / Doubt / FencesViola Davis
86%
Changeling / Girl, InterruptedAngelina Jolie
85%
Boys Don't Cry / Million Dollar BabyHilary Swank
85%
Aliens / Gorillas in the Mist / Working GirlSigourney Weaver
85%
Elizabeth / Elizabeth: The Golden Age / Carol / Notes on a ScandalCate Blanchett
83%
Atlantic City / Thelma & Louise / Lorenzo's Oil / The ClientSusan Sarandon
83%
Silkwood / MoonstruckCher
81%
Nomadland / Mississippi Burning / Fargo / North CountryFrances McDormand
81%
The Sessions / As Good as It GetsHelen Hunt
81%
Primary Colors / About Schmidt / Richard Jewell / MiseryKathy Bates
81%
I, Tonya / BombshellMargot Robbie
81%
Volver / Nine / Vicky Cristina Barcelona / Parallel MothersPenélope Cruz
81%
Rachel Getting Married / Les MisérablesAnne Hathaway
80%
A Passage to India / Husbands and WivesJudy Davis
80%
The Color Purple / GhostWhoopi Goldberg
80%
Fatal Attraction / Dangerous Liaisons / Albert Nobbs / The WifeGlenn Close
78%
Animal Kingdom / Silver Linings PlaybookJacki Weaver
76%
Mrs Brown / Iris / Mrs Henderson Presents / Notes on a ScandalJudi Dench
75%
The End of the Affair / Far from Heaven / Boogie Nights / The HoursJulianne Moore
75%
American Hustle / JunebugAmy Adams
73%
The Remains of the Day / Sense and Sensibility / In the Name of the FatherEmma Thompson
73%
Marriage Story / Jojo RabbitScarlett Johansson
73%
Zero Dark Thirty / The Help / The Eyes of Tammy FayeJessica Chastain
69%
The Fabulous Baker Boys / Love Field / Dangerous LiaisonsMichelle Pfeiffer
69%
Brooklyn / Lady Bird / Little Women / AtonementSaoirse Ronan
69%
Two Days, One Night / La Vie en RoseMarion Cotillard
68%
Blue Valentine / My Week with Marilyn / Brokeback MountainMichelle Williams
68%
The Father / The Favourite / The Lost DaughterOlivia Colman
68%
The Last Station / The Madness of King George / Gosford ParkHelen Mirren
66%
Pride & Prejudice / The Imitation GameKeira Knightley
66%
North Country / BombshellCharlize Theron
63%
The Morning After / On Golden PondJane Fonda
63%
American Beauty / Being Julia / The Kids Are All Right / The Grifters / NyadAnnette Bening
61%
Reds / Marvin's Room / Something's Gotta GiveDiane Keaton
61%
The Wings of the Dove / The King's SpeechHelena Bonham Carter
61%
Broadcast News / The Firm / Thirteen / The PianoHolly Hunter
61%
Fried Green Tomatoes / Driving Miss DaisyJessica Tandy
61%
Lincoln / Places in the HeartSally Field
61%
Rambling Rose / Wild / Marriage StoryLaura Dern
59%
A Room with a View / OthelloMaggie Smith
59%
Breaking the Waves / Hilary and JackieEmily Watson
58%
21 Grams / The ImpossibleNaomi Watts
58%
Can You Ever Forgive Me? / BridesmaidsMelissa McCarthy
56%
What's Love Got to Do with It / Black Panther: Wakanda ForeverAngela Bassett
54%
Hidden Figures / The Shape of Water / The HelpOctavia Spencer
54%
The Favourite / The Constant GardenerRachel Weisz
54%
The Girl with the Dragon Tattoo / CarolRooney Mara
54%
Little Women / The Age of InnocenceWinona Ryder
54%
Chocolat / The English PatientJuliette Binoche
51%
The Grifters / Enemies, A Love Story / Prizzi's HonorAnjelica Huston
44%
The Shape of Water / Blue JasmineSally Hawkins
44%
Missing / The River / Crimes of the Heart / In the BedroomSissy Spacek
44%
Frances / Country / Sweet Dreams / Music BoxJessica Lange
42%
Educating Rita / Billy ElliotJulie Walters
42%
In the Bedroom / The WrestlerMarisa Tomei
42%
An Officer and a Gentleman / Terms of Endearment / ShadowlandsDebra Winger
41%
An Education / Promising Young WomanCarey Mulligan
34%
Resurrection / Requiem for a DreamEllen Burstyn
34%
The Pope of Greenwich Village / The Trip to BountifulGeraldine Page
34%
You Can Count On Me / The Savages / KinseyLaura Linney
32%
Frozen River / The FighterMelissa Leo
31%
Hannah and Her Sisters / Bullets over BroadwayDianne Wiest
29%
Working Girl / In & OutJoan Cusack
29%
Mystic River / PollockMarcia Gay Harden
29%
Tom & Viv / DamageMiranda Richardson
27%
The Bostonians / Howards EndVanessa Redgrave
27%
The Contender / Nixon / The CrucibleJoan Allen
24%
Secrets & Lies / Little VoiceBrenda Blethyn
22%
Being John Malkovich / CapoteCatherine Keener
22%
Afterglow / Away from HerJulie Christie
22%
Wild at Heart / Rambling RoseDiane Ladd
19%
In America / Sweet and LowdownSamantha Morton
19%
Tumbleweeds / Albert NobbsJanet McTeer
17%
Passion Fish / Dances with WolvesMary McDonnell
15%

Score Distribution

Percentile by Number Answered

Percent of People with Each Score

Your Score History

You have not taken this quiz since the last reset